[Event "Hoogeveen Amateurs op 25th"]
[Site "Hoogeveen"]
[Date "2022.10.18"]
[Round "4.15"]
[White "Kamphorst, Jan"]
[Black "Said, Omar"]
[Result "1/2-1/2"]
[WhiteElo "1423"]
[BlackElo "1729"]
[PlyCount "63"]
[EventDate "2022.10.15"]
[EventType "swiss"]
[EventRounds "7"]
[EventCountry "NED"]
[SourceTitle "CBM 210 Extra"]
[Source "ChessBase"]
[SourceDate "2022.11.30"]
[SourceVersion "1"]
[SourceVersionDate "2022.11.30"]
[SourceQuality "1"]

1. e4 c6 2. b3 d5 3. Nc3 d4 4. Nce2 e5 5. Nf3 Bd6 6. h3 Nf6 7. Ng3 h5 8. a4 h4 9. Nf5 Bxf5 10. exf5 Qd7 11. Bc4 c5 12. Ng5 Rf8 13. Qf3 Nc6 14. Bb2 0-0-0 15. Ne6 e4 16. Qd1 e3 17. dxe3 dxe3 18. Qf3 Ne5 19. Bxe5 Bxe5 20. 0-0 exf2+ 21. Kh1 Kb8 22. Nxf8 Rxf8 23. Rad1 Qc7 24. Rxf2 Bg3 25. Rfd2 Re8 26. Re2 Rh8 27. Red2 Re8 28. Bb5 Rh8 29. Rd7 Nxd7 30. Rxd7 Re8 31. Rd1 Rd8 32. Rf1 1/2-1/2

[Event "Hoogeveen Amateurs op 25th"]
[Site "Hoogeveen"]
[Date "2022.10.16"]
[Round "2.4"]
[White "Stallinga, Robert Mark"]
[Black "Said, Omar"]
[Result "1/2-1/2"]
[WhiteElo "1886"]
[BlackElo "1729"]
[PlyCount "49"]
[EventDate "2022.10.15"]
[EventType "swiss"]
[EventRounds "7"]
[EventCountry "NED"]
[SourceTitle "CBM 210 Extra"]
[Source "ChessBase"]
[SourceDate "2022.11.30"]
[SourceVersion "1"]
[SourceVersionDate "2022.11.30"]
[SourceQuality "1"]

1. e4 c6 2. d4 d5 3. exd5 cxd5 4. Bd3 Nc6 5. c3 Nf6 6. Bf4 Bg4 7. Qb3 Qd7 8. Nd2 e6 9. Ngf3 Bd6 10. Ne5 Qc7 11. h3 Nxe5 12. dxe5 Bxe5 13. Bb5+ Kf8 14. Be3 Bf5 15. g4 Bg6 16. 0-0-0 a5 17. Nf3 Be4 18. Nxe5 Qxe5 19. g5 Nh5 20. Qa3+ Kg8 21. Qe7 Rc8 22. Bd4 Qf4+ 23. Be3 Qe5 24. Bd4 Qf4+ 25. Be3 1/2-1/2